Normal view
MARC view
- Criminal investigation.
Entry Topical Term
001 - CONTROL NUMBER
- control field: 43974
003 - CONTROL NUMBER IDENTIFIER
- control field: OSt
005 - DATE AND TIME OF LATEST TRANSACTION
- control field: 20220218154521.0
008 - FIXED-LENGTH DATA ELEMENTS
- fixed length control field: 220218|| aca||aabn | a|a d
040 ## - CATALOGING SOURCE
- Original cataloging agency: OSt
- Transcribing agency: OSt
150 ## - HEADING--TOPICAL TERM
- Topical term or geographic name entry element: Criminal investigation.
670 ## - SOURCE DATA FOUND
- Source citation: Work cat.: (OSt): Koehler, Jonathan J. 43973, An empirical research agenda for the forensic sciences/, c2016.
